| 000 | 00700nam a2200241Ia 4500 | ||
|---|---|---|---|
| 001 | 16385 | ||
| 003 | GE_BSU | ||
| 008 | 181216s||||||||xx |||||||||||||| ||und|| | ||
| 020 | _a9780781792103 | ||
| 040 | _cGE_BSU | ||
| 080 | _a577.21 | ||
| 100 | _aChandar nalini,Susan Visell | ||
| 245 | _aLippincotts illstrated reviews:cell and molecular biology | ||
| 245 | _cSeries editor: Richard A.Harvey | ||
| 260 | _aPhiladelpia | ||
| 260 | _bLippincott williams wilkins | ||
| 260 | _c2010 | ||
| 300 | _a236p;iil,28cm | ||
| 541 | _h77 gel. | ||
| 653 | _aLippincotts illstrated reviews:cell and molecular biology | ||
| 653 | _aმოლეკულური ბიოლოგია | ||
| 942 | _cBK | ||
| 999 |
_c49461 _d49461 |
||